000 01334cam a22003617a 4500
003 CHAP
005 20220329143117.0
008 060426d2006 mx ad r 00110 spa d
010 _a92075
011 _a93047
020 _a9688845809
035 _a103618
040 _cCHAP
082 0 4 _a519.5
_bC33 2006
100 0 0 _aCastillo Márquez, Luis Emilio.
_920176
245 1 0 _aEstadística básica (con aplicaciones a la fitosanidad)
_c/por Luis Emilio Castillo Márquez
250 _a2ed.
260 _aChapingo, Méx. :
_bUACH. Departamento de Parasitología Agrícola,
_c2006.
300 _a272 p. :
_bilus. ; gráfs. ; cuadros ; tablas
590 _aBATCH-UPD
_b10
_c20130110
_lUCH01
_h1426
590 _aBATCH-UPD
_b10
_c20130410
_lUCH01
_h0905
590 _aBATCH-UPD
_b10
_c20130914
_lUCH01
_h0857
590 _aCONVERSION
_b10
_c20130109
_lUCH01
_h1351
650 1 4 _aAgricultura
_xEstadisticas.
_91417
650 1 4 _aEstadística.
_938241
650 1 4 _aEstadística
_xEstudio y enseñanza.
_938249
901 _aBK
905 _aAlejandra Carrasco M.
942 _cLIBRO
949 _a519.5 C33 2006
_bBC
_cLIBRO
_d33724000985982
_eLIBRO
_h107709
_i103618
_si
949 _a519.5 C33 2006
_bBC
_cUACH
_d33724000985974
_eUACH
_fc.2
_h107710
_i103618
_sb
949 _a519.9 C33 2006
_bBC
_cLIBRO
_d33724002042082
_eLIBRO
_fc.3
_h108929
_i103618
_so
999 _c92075
_d92075